quiz o Polsce (kilka opcji) - Statystyki

Ogólne statystyki
  • Ten quiz został rozwiązany 79 razy
    60 od ostatniego zresetowania
  • Średni wynik to 13 z 15
Statystyki odpowiedzi
Zagadnienie Odpowiedź % Poprawnych
Która to flaga Polski?
100%
Na ile lat Polska zniknęła z mapy? 123
100%
Ile państw sąsiaduje z Polską? 7
100%
Jak nazywa się hymn Polski? Mazurek Dąbrowskiego
100%
Jakie państwa połączyły się ze sobą po unii lubelskiej w 1569 roku? Polska i Litwa
100%
W którym roku Polska odzyskała niepodległość? W 1918 roku
100%
W którym roku Polska dołączyła do NATO? W 1999 roku
100%
W którym roku odbył się chrzest polski? W 966 roku
100%
Jakie były stolice Polski przez wszystkie lata jej istnienia? Gniezno, Kraków, Warszawa, Poznań, Płock
86%
Kto był pierwszym historycznym władcą polski? Mieszko I
86%
W którym roku miał miejsce Potop, i dlaczego się tak nazywa? Od 1655 roku do 1660 roku. Potop, bo Szwecja bardzo szybko zalała Rzeczpospolitą
86%
Kto był ostatnim królem polski? Stanislaw August Poniatowski
86%
W którym roku Polska dołączyła do UE? W 2004 roku
86%
Kiedy została uchwalona konstytucja 3 maja? 3 maja 1791 roku
57%
Jakie państwa brały udział w II rozbiorze Rzeczpospolitej? Rosja Prusy
57%
Nie znaleziono quizów pasujących do podanych kryteriów
Rozkład punktacji
Procent ludzi z każdym wynikiem
Percentyl według liczby udzielonych odpowiedzi
Twoja historia wyników
Nie rozwiązałeś tego quizu od ostatniego zresetowania